000 01149nam a2200301 a 4500
001 42303
003 BD-RjUL
005 20211209053524.0
008 160611s1963 mdu b 001 0 eng
035 _a(OCoLC)ocm00186799
035 _a(BD-RjUL)42421
035 _a(NNC)2755554
040 _aDLC
_cWSU
_dSER
_dUKM
_dBD-RjUL
_beng
041 _aeng
082 0 _a342.561
_bDEF 1963
100 1 _aDevereux, Robert.
_9130090
245 1 4 _aThe first Ottoman constitutional period :
_ba study of the Midhat Constitution and Parliament /
_cby Robert Devereux.
260 _aBaltimore :
_bJohns Hopkins Press,
_cc1963. [Printing 1964]
300 _a310 p. ;
_c24 cm.
490 1 _aThe Johns Hopkins University studies in historical and political science,
_vser. 81, no. 1
504 _aIncludes bibliographical references (p. 290-298) and index.
610 1 0 _aTurkey.
_9130105
610 1 0 _aTurkey.
_bMeclis-i Mebusan.
_9130092
650 0 _aConstitutional history
_zTurkey.
_9130093
830 0 _aJohns Hopkins University studies in historical and political science ;
_v81st ser., 1.
_9128354
942 _2ddc
_cBK
999 _c42303
_d42303